[Event "Masters Tournament (MTO)"]
[Site "Biel, CH"]
[Date "2025.07.23"]
[Round "9"]
[White "Malli, Shiivesh Sunil"]
[Black "Glasschroeder, Maximilian"]
[Result "1/2-1/2"]
[Board "45"]
[WhiteFideId "1340409"]
[BlackFideId "34652590"]
[WhiteElo "1969"]
[BlackElo "1886"]
[WhiteTeam "SUI"]
[BlackTeam "GER"]
[WhiteClock "0:06:06"]
[BlackClock "0:01:32"]
[Variant "Standard"]

1. c4 {[%clk 1:40:46]}  c5 {[%clk 1:40:54]} 2. Nc3 {[%clk 1:41:10]}  g6 {[%clk 1:41:19]} 3. g3 {[%clk 1:41:04]}  Bg7 {[%clk 1:41:38]} 4. Bg2 {[%clk 1:41:40]}  Nc6 {[%clk 1:42:01]} 5. d3 {[%clk 1:42:05]}  d6 {[%clk 1:41:30]} 6. e3 {[%clk 1:42:17]}  e5 {[%clk 1:40:12]} 7. Nge2 {[%clk 1:42:40]}  Nge7 {[%clk 1:39:10]} 8. Rb1 {[%clk 1:42:29]}  O-O {[%clk 1:37:12]} 9. O-O {[%clk 1:42:45]}  Rb8 {[%clk 1:32:31]} 10. a3 {[%clk 1:43:00]}  a5 {[%clk 1:31:29]} 11. h3 {[%clk 1:42:16]}  Be6 {[%clk 1:30:27]} 12. e4 {[%clk 1:42:16]}  f5 {[%clk 1:18:37]} 13. f4 {[%clk 1:33:16]}  fxe4 {[%clk 1:06:56]} 14. Nxe4 {[%clk 1:32:03]}  b5 {[%clk 1:02:59]} 15. fxe5 {[%clk 1:05:46]}  Rxf1+ {[%clk 1:01:00]} 16. Qxf1 {[%clk 1:05:04]}  Nxe5 {[%clk 0:58:26]} 17. Nf4 {[%clk 1:04:23]}  Bf7 {[%clk 0:48:23]} 18. Ng5 {[%clk 0:58:22]}  bxc4 {[%clk 0:43:53]} 19. Nxf7 {[%clk 0:58:35]}  Nxf7 {[%clk 0:44:16]} 20. Ne6 {[%clk 0:56:24]}  Qd7 {[%clk 0:42:57]} 21. Nxg7 {[%clk 0:56:41]}  Kxg7 {[%clk 0:43:18]} 22. dxc4 {[%clk 0:55:33]}  Rb3 {[%clk 0:42:28]} 23. g4 {[%clk 0:52:35]}  Nc6 {[%clk 0:31:46]} 24. Bd2 {[%clk 0:48:39]}  Nd4 {[%clk 0:23:26]} 25. Bxa5 {[%clk 0:42:17]}  Qe7 {[%clk 0:18:25]} 26. Bc3 {[%clk 0:36:28]}  Qe3+ {[%clk 0:10:07]} 27. Kh1 {[%clk 0:30:02]}  Ne5 {[%clk 0:09:26]} 28. Re1 {[%clk 0:28:38]}  Qg3 {[%clk 0:09:30]} 29. Bd5 {[%clk 0:18:25]}  Rxc3 {[%clk 0:03:52]} 30. bxc3 {[%clk 0:18:35]}  Nc2 {[%clk 0:03:46]} 31. Rb1 {[%clk 0:14:17]}  Ne3 {[%clk 0:03:46]} 32. Rb7+ {[%clk 0:14:30]}  Kh6 {[%clk 0:04:06]} 33. Qf8+ {[%clk 0:14:54]}  Kg5 {[%clk 0:04:20]} 34. Qe7+ {[%clk 0:15:00]}  Kf4 {[%clk 0:04:11]} 35. Qf6+ {[%clk 0:15:04]}  Nf5 {[%clk 0:04:34]} 36. gxf5 {[%clk 0:06:54]}  Qe1+ {[%clk 0:04:39]} 37. Kg2 {[%clk 0:06:13]}  Qe2+ {[%clk 0:04:50]} 38. Kg1 {[%clk 0:06:12]}  Qe1+ {[%clk 0:03:28]} 39. Kg2 {[%clk 0:06:06]}  Qg3+ {[%clk 0:01:45]} 40. Kh1 {[%clk 0:06:06]}  Ng4 {[%clk 0:01:32]} 1/2-1/2

[Event "Masters Tournament (MTO)"]
[Site "Biel, CH"]
[Date "2025.07.23"]
[Round "9"]
[White "Madsen, Jens Ingemann"]
[Black "Monteverde, Jonathan"]
[Result "0-1"]
[Board "46"]
[WhiteFideId "1434993"]
[BlackFideId "1314580"]
[WhiteElo "1935"]
[BlackElo "2127"]
[WhiteTeam "DEN"]
[BlackTeam "SUI"]
[WhiteClock "0:12:15"]
[BlackClock "0:14:18"]
[Variant "Standard"]

1. d4 {[%clk 1:40:57]}  Nf6 {[%clk 1:40:54]} 2. Bg5 {[%clk 1:41:23]}  d5 {[%clk 1:41:05]} 3. Nd2 {[%clk 1:41:22]}  c5 {[%clk 1:40:17]} 4. e3 {[%clk 1:41:11]}  e6 {[%clk 1:38:26]} 5. Ngf3 {[%clk 1:40:59]}  Be7 {[%clk 1:37:56]} 6. dxc5 {[%clk 1:37:07]}  Bxc5 {[%clk 1:30:40]} 7. Nb3 {[%clk 1:33:08]}  Be7 {[%clk 1:29:46]} 8. Bd3 {[%clk 1:30:02]}  O-O {[%clk 1:29:35]} 9. O-O {[%clk 1:29:43]}  Nc6 {[%clk 1:25:58]} 10. Nbd4 {[%clk 1:21:23]}  Bd7 {[%clk 1:27:34]} 11. c3 {[%clk 1:14:06]}  Rc8 {[%clk 1:21:17]} 12. Rc1 {[%clk 1:15:36]}  Na5 {[%clk 1:12:03]} 13. Ne5 {[%clk 1:13:53]}  Qc7 {[%clk 1:00:04]} 14. Bf4 {[%clk 1:04:46]}  Bd6 {[%clk 1:00:12]} 15. Nxd7 {[%clk 1:04:03]}  Qxd7 {[%clk 1:00:29]} 16. Bg5 {[%clk 1:00:43]}  Be7 {[%clk 0:51:56]} 17. Qf3 {[%clk 0:53:57]}  h6 {[%clk 0:51:23]} 18. Bf4 {[%clk 0:45:09]}  Nc4 {[%clk 0:43:05]} 19. Qe2 {[%clk 0:36:51]}  Bd6 {[%clk 0:35:05]} 20. Bg3 {[%clk 0:38:03]}  Bxg3 {[%clk 0:35:49]} 21. hxg3 {[%clk 0:38:24]}  a6 {[%clk 0:35:58]} 22. Rfd1 {[%clk 0:37:22]}  Qe7 {[%clk 0:35:06]} 23. Bb1 {[%clk 0:31:42]}  Rc7 {[%clk 0:27:33]} 24. Nf3 {[%clk 0:24:30]}  Rfc8 {[%clk 0:28:26]} 25. Qc2 {[%clk 0:20:40]}  b5 {[%clk 0:13:04]} 26. a3 {[%clk 0:12:48]}  a5 {[%clk 0:15:36]} 27. Nd2 {[%clk 0:11:23]}  b4 {[%clk 0:14:27]} 28. axb4 {[%clk 0:11:25]}  axb4 {[%clk 0:14:49]} 29. Nxc4 {[%clk 0:08:20]}  Rxc4 {[%clk 0:14:17]} 30. Rd4 {[%clk 0:07:14]}  Rxd4 {[%clk 0:12:31]} 31. exd4 {[%clk 0:06:52]}  bxc3 {[%clk 0:12:40]} 32. bxc3 {[%clk 0:04:42]}  Qa3 {[%clk 0:08:48]} 33. f3 {[%clk 0:07:49]}  Rb8 {[%clk 0:08:08]} 34. Qd2 {[%clk 0:04:35]}  Rb2 {[%clk 0:07:50]} 35. Bc2 {[%clk 0:05:02]}  Qa2 {[%clk 0:08:11]} 36. Qd1 {[%clk 0:04:46]}  g6 {[%clk 0:06:44]} 37. Ra1 {[%clk 0:04:14]}  Qc4 {[%clk 0:06:56]} 38. Qd3 {[%clk 0:04:15]}  Qxd3 {[%clk 0:06:53]} 39. Bxd3 {[%clk 0:04:40]}  Rd2 {[%clk 0:06:53]} 40. Bb5 {[%clk 0:03:11]}  Rc2 {[%clk 0:01:27]} 41. Ra8+ {[%clk 0:01:58]}  Kg7 {[%clk 0:01:49]} 42. Rc8 {[%clk 0:02:03]}  h5 {[%clk 0:24:02]} 43. Rc7 {[%clk 0:31:39]}  g5 {[%clk 0:24:19]} 44. Rc5 {[%clk 0:26:00]}  g4 {[%clk 0:20:23]} 45. Ba4 {[%clk 0:25:49]}  Ra2 {[%clk 0:19:14]} 46. Bb5 {[%clk 0:25:27]}  h4 {[%clk 0:09:34]} 47. gxh4 {[%clk 0:12:25]}  g3 {[%clk 0:14:52]} 48. Kf1 {[%clk 0:12:30]}  Nh5 {[%clk 0:14:29]} 49. c4 {[%clk 0:11:26]}  Nf4 {[%clk 0:14:23]} 50. Ke1 {[%clk 0:11:53]}  Nxg2+ {[%clk 0:13:56]} 51. Kd1 {[%clk 0:12:15]}  Ne3+ {[%clk 0:14:18]} 0-1

[Event "Masters Tournament (MTO)"]
[Site "Biel, CH"]
[Date "2025.07.23"]
[Round "9"]
[White "Stevens, Christian"]
[Black "Jordan, Christina"]
[Result "1-0"]
[Board "47"]
[WhiteFideId "649090"]
[BlackFideId "1347977"]
[WhiteElo "2050"]
[BlackElo "1943"]
[WhiteTeam "FRA"]
[BlackTeam "SUI"]
[WhiteClock "0:18:59"]
[BlackClock "0:24:15"]
[Variant "Standard"]

1. e4 {[%clk 1:40:42]}  c5 {[%clk 1:40:44]} 2. Nc3 {[%clk 1:41:06]}  a6 {[%clk 1:41:10]} 3. g3 {[%clk 1:41:32]}  b5 {[%clk 1:41:33]} 4. Bg2 {[%clk 1:41:56]}  Bb7 {[%clk 1:42:01]} 5. a4 {[%clk 1:42:02]}  b4 {[%clk 1:41:48]} 6. Nd5 {[%clk 1:42:26]}  e6 {[%clk 1:41:37]} 7. Ne3 {[%clk 1:42:49]}  d5 {[%clk 1:40:43]} 8. exd5 {[%clk 1:42:14]}  exd5 {[%clk 1:41:08]} 9. Ne2 {[%clk 1:42:08]}  Nf6 {[%clk 1:39:42]} 10. O-O {[%clk 1:40:49]}  Bd6 {[%clk 1:39:10]} 11. d4 {[%clk 1:40:07]}  c4 {[%clk 1:38:36]} 12. Nf5 {[%clk 1:37:54]}  O-O {[%clk 1:37:54]} 13. Bg5 {[%clk 1:31:03]}  h6 {[%clk 1:34:19]} 14. Nxd6 {[%clk 1:28:47]}  Qxd6 {[%clk 1:34:45]} 15. Bxf6 {[%clk 1:27:28]}  Qxf6 {[%clk 1:35:03]} 16. Nf4 {[%clk 1:27:33]}  Rd8 {[%clk 1:32:37]} 17. c3 {[%clk 1:27:18]}  a5 {[%clk 1:31:50]} 18. Re1 {[%clk 1:16:58]}  Na6 {[%clk 1:31:38]} 19. Re5 {[%clk 1:16:27]}  Nc7 {[%clk 1:30:48]} 20. Qe2 {[%clk 1:12:16]}  Qc6 {[%clk 1:26:45]} 21. Qg4 {[%clk 1:00:20]}  Rd6 {[%clk 1:17:17]} 22. h4 {[%clk 0:56:06]}  Re8 {[%clk 1:13:12]} 23. Qe2 {[%clk 0:47:26]}  Rdd8 {[%clk 1:06:37]} 24. Nh5 {[%clk 0:36:30]}  Qd7 {[%clk 0:57:00]} 25. Kh2 {[%clk 0:31:10]}  Bc8 {[%clk 0:47:43]} 26. Re1 {[%clk 0:25:04]}  f6 {[%clk 0:39:10]} 27. Re7 {[%clk 0:21:49]}  Rxe7 {[%clk 0:31:34]} 28. Qxe7 {[%clk 0:22:08]}  Re8 {[%clk 0:24:15]} 29. Bxd5+ {[%clk 0:18:59]} 1-0

[Event "Masters Tournament (MTO)"]
[Site "Biel, CH"]
[Date "2025.07.23"]
[Round "9"]
[White "Hornung, Hans, Dr."]
[Black "Cordes, Jule"]
[Result "1-0"]
[Board "49"]
[WhiteFideId "4615140"]
[BlackFideId "1060708"]
[WhiteElo "1905"]
[BlackElo "1946"]
[WhiteTeam "GER"]
[BlackTeam "NED"]
[WhiteClock "0:20:11"]
[BlackClock "0:01:01"]
[Variant "Standard"]

1. c4 {[%clk 1:40:56]}  e5 {[%clk 1:40:46]} 2. Nc3 {[%clk 1:41:20]}  Nf6 {[%clk 1:41:00]} 3. Nf3 {[%clk 1:41:43]}  e4 {[%clk 1:33:36]} 4. Ng5 {[%clk 1:41:54]}  c6 {[%clk 1:34:01]} 5. Qa4 {[%clk 1:42:04]}  Qe7 {[%clk 1:27:43]} 6. Qc2 {[%clk 1:38:27]}  Na6 {[%clk 1:04:37]} 7. Ngxe4 {[%clk 1:25:20]}  Nc7 {[%clk 0:46:42]} 8. e3 {[%clk 1:15:57]}  d5 {[%clk 0:41:26]} 9. Nxf6+ {[%clk 1:15:31]}  Qxf6 {[%clk 0:41:38]} 10. d4 {[%clk 1:11:30]}  dxc4 {[%clk 0:33:39]} 11. Bxc4 {[%clk 1:01:26]}  Qg5 {[%clk 0:33:39]} 12. O-O {[%clk 0:58:22]}  h5 {[%clk 0:31:24]} 13. e4 {[%clk 0:54:24]}  Qd8 {[%clk 0:28:57]} 14. Qb3 {[%clk 0:52:18]}  Qf6 {[%clk 0:26:49]} 15. e5 {[%clk 0:48:25]}  Qg6 {[%clk 0:26:22]} 16. Ne2 {[%clk 0:47:30]}  Be7 {[%clk 0:24:56]} 17. Nf4 {[%clk 0:46:43]}  Qf5 {[%clk 0:25:02]} 18. Bd3 {[%clk 0:44:04]}  Qd7 {[%clk 0:24:23]} 19. Be3 {[%clk 0:43:13]}  g5 {[%clk 0:21:45]} 20. e6 {[%clk 0:38:24]}  Nxe6 {[%clk 0:20:04]} 21. Nxe6 {[%clk 0:37:51]}  Qxe6 {[%clk 0:19:59]} 22. Bc4 {[%clk 0:37:35]}  Qg6 {[%clk 0:19:21]} 23. f4 {[%clk 0:34:35]}  g4 {[%clk 0:17:56]} 24. f5 {[%clk 0:34:30]}  Qf6 {[%clk 0:16:31]} 25. Rad1 {[%clk 0:32:53]}  O-O {[%clk 0:12:49]} 26. Bf4 {[%clk 0:29:08]}  Bd6 {[%clk 0:10:51]} 27. Bxd6 {[%clk 0:29:13]}  Qxd6 {[%clk 0:11:19]} 28. f6 {[%clk 0:29:01]}  b5 {[%clk 0:09:16]} 29. Bd3 {[%clk 0:29:10]}  Qxd4+ {[%clk 0:08:10]} 30. Kh1 {[%clk 0:29:29]}  Qe5 {[%clk 0:07:47]} 31. Bb1 {[%clk 0:28:35]}  Qg5 {[%clk 0:06:44]} 32. Qc2 {[%clk 0:27:48]}  Qh6 {[%clk 0:07:10]} 33. Rde1 {[%clk 0:22:53]}  Be6 {[%clk 0:05:57]} 34. Re5 {[%clk 0:21:36]}  Rad8 {[%clk 0:05:15]} 35. Rg5+ {[%clk 0:21:11]}  Kh8 {[%clk 0:05:08]} 36. Rg7 {[%clk 0:21:24]}  Rd2 {[%clk 0:00:40]} 37. Rh7+ {[%clk 0:21:42]}  Kg8 {[%clk 0:01:05]} 38. Rxh6 {[%clk 0:21:52]}  Rxc2 {[%clk 0:01:34]} 39. Bxc2 {[%clk 0:22:13]}  Rd8 {[%clk 0:00:46]} 40. Rxh5 {[%clk 0:21:08]}  Rd2 {[%clk 0:01:01]} 41. Rd1 {[%clk 0:20:11]} 1-0

[Event "Masters Tournament (MTO)"]
[Site "Biel, CH"]
[Date "2025.07.23"]
[Round "9"]
[White "Leonov, Leonid"]
[Black "Faraone, Ettore"]
[Result "1-0"]
[Board "50"]
[WhiteFideId "1698052"]
[BlackFideId "1311484"]
[WhiteElo "2089"]
[BlackElo "1979"]
[WhiteTeam "AUT"]
[BlackTeam "SUI"]
[WhiteClock "0:04:25"]
[BlackClock "0:00:47"]
[Variant "Standard"]

1. e4 {[%clk 1:40:05]}  e6 {[%clk 1:40:54]} 2. d4 {[%clk 1:40:22]}  d5 {[%clk 1:41:19]} 3. Nc3 {[%clk 1:39:47]}  dxe4 {[%clk 1:41:25]} 4. Nxe4 {[%clk 1:40:09]}  Bd7 {[%clk 1:41:51]} 5. Nf3 {[%clk 1:40:26]}  Bc6 {[%clk 1:42:15]} 6. Bd3 {[%clk 1:40:51]}  Nd7 {[%clk 1:42:38]} 7. O-O {[%clk 1:41:04]}  Be7 {[%clk 1:42:10]} 8. Re1 {[%clk 1:39:47]}  Ngf6 {[%clk 1:42:27]} 9. Ng3 {[%clk 1:40:07]}  h5 {[%clk 1:41:08]} 10. Bg5 {[%clk 1:16:23]}  h4 {[%clk 1:10:43]} 11. Nxh4 {[%clk 1:13:55]}  Nd5 {[%clk 1:11:04]} 12. Bxe7 {[%clk 1:14:10]}  Qxe7 {[%clk 1:11:16]} 13. Nhf5 {[%clk 1:05:25]}  Qf6 {[%clk 1:05:30]} 14. c4 {[%clk 0:51:39]}  Nf4 {[%clk 0:58:26]} 15. d5 {[%clk 0:51:09]}  Nxd3 {[%clk 0:58:45]} 16. Qxd3 {[%clk 0:42:35]}  O-O-O {[%clk 0:58:18]} 17. dxc6 {[%clk 0:42:21]}  Nb6 {[%clk 0:58:10]} 18. Qa3 {[%clk 0:40:32]}  exf5 {[%clk 0:55:40]} 19. Qxa7 {[%clk 0:40:53]}  bxc6 {[%clk 0:54:27]} 20. Qa6+ {[%clk 0:39:39]}  Kb8 {[%clk 0:54:27]} 21. a4 {[%clk 0:36:48]}  f4 {[%clk 0:49:00]} 22. Ne4 {[%clk 0:34:44]}  Qd4 {[%clk 0:21:09]} 23. a5 {[%clk 0:29:37]}  Nc8 {[%clk 0:04:12]} 24. b4 {[%clk 0:20:57]}  Nd6 {[%clk 0:01:21]} 25. Nc5 {[%clk 0:21:11]}  Qxc4 {[%clk 0:01:06]} 26. Qxc6 {[%clk 0:21:32]}  Qb5 {[%clk 0:01:18]} 27. Qf3 {[%clk 0:14:25]}  Rhe8 {[%clk 0:00:54]} 28. Rec1 {[%clk 0:14:38]}  Re7 {[%clk 0:00:51]} 29. a6 {[%clk 0:13:32]}  Ka7 {[%clk 0:01:08]} 30. Qxf4 {[%clk 0:12:56]}  Rde8 {[%clk 0:01:30]} 31. h3 {[%clk 0:09:55]}  g5 {[%clk 0:01:43]} 32. Qxg5 {[%clk 0:07:57]}  Re5 {[%clk 0:01:08]} 33. Qd2 {[%clk 0:07:53]}  f6 {[%clk 0:01:20]} 34. Nd3 {[%clk 0:05:00]}  R5e7 {[%clk 0:01:42]} 35. Nf4 {[%clk 0:03:55]}  Nc4 {[%clk 0:01:06]} 36. Qd5 {[%clk 0:03:45]}  Qxd5 {[%clk 0:00:43]} 37. Nxd5 {[%clk 0:04:12]}  Nd2 {[%clk 0:00:47]} 38. Nxe7 {[%clk 0:04:25]} 1-0

[Event "Masters Tournament (MTO)"]
[Site "Biel, CH"]
[Date "2025.07.23"]
[Round "9"]
[White "Trubini, Timon"]
[Black "Arulanantham, Aneet"]
[Result "0-1"]
[Board "51"]
[WhiteFideId "1347799"]
[BlackFideId "1335189"]
[WhiteElo "1922"]
[BlackElo "1985"]
[WhiteTeam "SUI"]
[BlackTeam "SUI"]
[WhiteClock "0:39:15"]
[BlackClock "1:13:20"]
[Variant "Standard"]

1. e4 {[%clk 1:39:20]}  c6 {[%clk 1:40:53]} 2. d4 {[%clk 1:39:47]}  d5 {[%clk 1:41:17]} 3. e5 {[%clk 1:40:10]}  c5 {[%clk 1:41:36]} 4. c3 {[%clk 1:40:33]}  Nc6 {[%clk 1:41:41]} 5. Be2 {[%clk 1:40:56]}  Bf5 {[%clk 1:41:46]} 6. Nf3 {[%clk 1:41:16]}  e6 {[%clk 1:42:02]} 7. O-O {[%clk 1:41:41]}  cxd4 {[%clk 1:41:25]} 8. Nxd4 {[%clk 1:42:04]}  Nge7 {[%clk 1:41:04]} 9. Bb5 {[%clk 1:42:17]}  a6 {[%clk 1:35:50]} 10. Bxc6+ {[%clk 1:42:40]}  bxc6 {[%clk 1:35:23]} 11. Bg5 {[%clk 1:25:20]}  Qd7 {[%clk 1:28:33]} 12. Bxe7 {[%clk 1:06:23]}  Bxe7 {[%clk 1:28:45]} 13. Qa4 {[%clk 1:06:40]}  c5 {[%clk 1:26:17]} 14. Qxd7+ {[%clk 1:04:57]}  Kxd7 {[%clk 1:26:41]} 15. Nxf5 {[%clk 1:05:20]}  exf5 {[%clk 1:27:06]} 16. Rd1 {[%clk 1:02:23]}  Ke6 {[%clk 1:26:41]} 17. f4 {[%clk 1:00:12]}  Rab8 {[%clk 1:22:06]} 18. Rd2 {[%clk 1:00:05]}  g5 {[%clk 1:17:11]} 19. g3 {[%clk 0:49:49]}  gxf4 {[%clk 1:16:45]} 20. gxf4 {[%clk 0:50:11]}  Rhg8+ {[%clk 1:16:51]} 21. Kf1 {[%clk 0:39:04]}  Rg4 {[%clk 1:16:33]} 22. Rf2 {[%clk 0:39:23]}  Bh4 {[%clk 1:15:57]} 23. h3 {[%clk 0:38:53]}  Bxf2 {[%clk 1:13:27]} 24. hxg4 {[%clk 0:39:15]}  Be3 {[%clk 1:13:20]} 0-1

[Event "Masters Tournament (MTO)"]
[Site "Biel, CH"]
[Date "2025.07.23"]
[Round "9"]
[White "Hank, Holger"]
[Black "Hoffmann, Alexander"]
[Result "0-1"]
[Board "52"]
[WhiteFideId "4648242"]
[BlackFideId "16240219"]
[WhiteElo "1947"]
[BlackElo "1872"]
[WhiteTeam "GER"]
[BlackTeam "GER"]
[WhiteClock "0:06:24"]
[BlackClock "0:27:50"]
[Variant "Standard"]

1. c4 {[%clk 1:40:24]}  c6 {[%clk 1:40:01]} 2. g3 {[%clk 1:39:49]}  d5 {[%clk 1:40:09]} 3. Nf3 {[%clk 1:40:00]}  Nf6 {[%clk 1:39:43]} 4. Bg2 {[%clk 1:40:25]}  h6 {[%clk 1:39:44]} 5. O-O {[%clk 1:35:08]}  Bf5 {[%clk 1:39:23]} 6. b3 {[%clk 1:35:29]}  e6 {[%clk 1:39:20]} 7. Bb2 {[%clk 1:35:48]}  Be7 {[%clk 1:39:38]} 8. d3 {[%clk 1:36:11]}  O-O {[%clk 1:39:41]} 9. Nbd2 {[%clk 1:36:39]}  Nbd7 {[%clk 1:35:59]} 10. Rc1 {[%clk 1:36:30]}  Re8 {[%clk 1:32:24]} 11. Rc2 {[%clk 1:24:30]}  Qb6 {[%clk 1:20:34]} 12. Qa1 {[%clk 1:11:43]}  Bf8 {[%clk 1:16:08]} 13. h3 {[%clk 0:55:30]}  a5 {[%clk 1:13:54]} 14. a3 {[%clk 0:45:05]}  c5 {[%clk 0:57:44]} 15. g4 {[%clk 0:35:03]}  Bh7 {[%clk 0:55:02]} 16. Ne5 {[%clk 0:34:12]}  d4 {[%clk 0:52:53]} 17. Nxd7 {[%clk 0:33:57]}  Nxd7 {[%clk 0:53:10]} 18. Bc1 {[%clk 0:31:32]}  Nf6 {[%clk 0:47:28]} 19. Rb2 {[%clk 0:29:00]}  e5 {[%clk 0:39:17]} 20. Qb1 {[%clk 0:27:19]}  Re6 {[%clk 0:34:06]} 21. Ne4 {[%clk 0:21:51]}  Nxe4 {[%clk 0:33:15]} 22. Bxe4 {[%clk 0:22:10]}  Bxe4 {[%clk 0:30:49]} 23. dxe4 {[%clk 0:22:31]}  Qc6 {[%clk 0:30:12]} 24. Qd3 {[%clk 0:18:26]}  a4 {[%clk 0:25:15]} 25. bxa4 {[%clk 0:16:26]}  Rxa4 {[%clk 0:25:24]} 26. Rb5 {[%clk 0:16:01]}  Re8 {[%clk 0:22:06]} 27. Qb3 {[%clk 0:15:39]}  Rea8 {[%clk 0:21:45]} 28. f3 {[%clk 0:15:59]}  Qe6 {[%clk 0:20:42]} 29. Rxb7 {[%clk 0:15:07]}  Qxc4 {[%clk 0:19:47]} 30. Qb6 {[%clk 0:15:13]}  Qxe2 {[%clk 0:16:39]} 31. Qc7 {[%clk 0:15:35]}  Qc4 {[%clk 0:15:52]} 32. Qxe5 {[%clk 0:15:08]}  d3 {[%clk 0:13:55]} 33. Qf4 {[%clk 0:15:13]}  R4a7 {[%clk 0:12:33]} 34. Rb6 {[%clk 0:15:07]}  Rd7 {[%clk 0:11:58]} 35. Qd2 {[%clk 0:10:07]}  Qd4+ {[%clk 0:10:51]} 36. Kg2 {[%clk 0:10:13]}  c4 {[%clk 0:08:21]} 37. Rc6 {[%clk 0:10:41]}  Bxa3 {[%clk 0:08:06]} 38. Bxa3 {[%clk 0:10:24]}  Rxa3 {[%clk 0:08:24]} 39. Qb4 {[%clk 0:09:30]}  Ra2+ {[%clk 0:06:47]} 40. Kg3 {[%clk 0:09:46]}  Rc2 {[%clk 0:04:54]} 41. Rc8+ {[%clk 0:06:34]}  Kh7 {[%clk 0:04:07]} 42. Qb8 {[%clk 0:06:24]}  Qd6+ {[%clk 0:27:50]} 0-1

[Event "Masters Tournament (MTO)"]
[Site "Biel, CH"]
[Date "2025.07.23"]
[Round "9"]
[White "Marcenaro, Alessandro"]
[Black "Papaux, Jeremie"]
[Result "1/2-1/2"]
[Board "53"]
[WhiteFideId "28554094"]
[BlackFideId "1340867"]
[WhiteElo "2160"]
[BlackElo "2020"]
[WhiteTeam "ITA"]
[BlackTeam "SUI"]
[WhiteClock "0:08:17"]
[BlackClock "0:41:51"]
[Variant "Standard"]

1. e4 {[%clk 1:40:52]}  e5 {[%clk 1:40:53]} 2. Nf3 {[%clk 1:40:48]}  Nc6 {[%clk 1:41:11]} 3. Nc3 {[%clk 1:41:12]}  Nf6 {[%clk 1:41:32]} 4. Bb5 {[%clk 1:41:34]}  Bb4 {[%clk 1:41:30]} 5. O-O {[%clk 1:41:54]}  O-O {[%clk 1:41:54]} 6. d3 {[%clk 1:41:01]}  d6 {[%clk 1:40:44]} 7. Bg5 {[%clk 1:41:14]}  Ne7 {[%clk 1:40:56]} 8. Nh4 {[%clk 1:32:47]}  c6 {[%clk 1:33:29]} 9. Bc4 {[%clk 1:35:24]}  Ng6 {[%clk 1:33:29]} 10. Nxg6 {[%clk 1:29:10]}  hxg6 {[%clk 1:32:31]} 11. f4 {[%clk 1:18:34]}  Qb6+ {[%clk 1:21:50]} 12. Kh1 {[%clk 1:11:40]}  Nh7 {[%clk 1:20:41]} 13. h4 {[%clk 0:43:32]}  Nxg5 {[%clk 1:15:37]} 14. fxg5 {[%clk 1:11:23]}  Be6 {[%clk 1:06:35]} 15. Bxe6 {[%clk 1:09:18]}  fxe6 {[%clk 1:06:59]} 16. Qg4 {[%clk 1:07:23]}  Rf2 {[%clk 1:03:22]} 17. h5 {[%clk 0:33:12]}  Raf8 {[%clk 0:53:31]} 18. Qxe6+ {[%clk 0:30:08]}  Kh8 {[%clk 0:53:55]} 19. Rg1 {[%clk 0:27:57]}  Bxc3 {[%clk 0:52:36]} 20. hxg6 {[%clk 0:24:35]}  Qe3 {[%clk 0:51:38]} 21. Qg4 {[%clk 0:18:16]}  R8f4 {[%clk 0:51:09]} 22. Qc8+ {[%clk 0:18:35]}  Rf8 {[%clk 0:51:26]} 23. Qg4 {[%clk 0:18:58]}  R8f4 {[%clk 0:41:31]} 24. Qh5+ {[%clk 0:07:11]}  Kg8 {[%clk 0:51:10]} 25. Qh7+ {[%clk 0:07:33]}  Kf8 {[%clk 0:51:34]} 26. Qh8+ {[%clk 0:07:58]}  Ke7 {[%clk 0:51:58]} 27. Qxg7+ {[%clk 0:08:21]}  Kd8 {[%clk 0:51:33]} 28. Qh8+ {[%clk 0:08:27]}  Kc7 {[%clk 0:48:22]} 29. Qh7+ {[%clk 0:08:32]}  Kb6 {[%clk 0:48:39]} 30. Qh3 {[%clk 0:06:20]}  Qxh3+ {[%clk 0:41:32]} 31. gxh3 {[%clk 0:08:48]}  R4f3 {[%clk 0:41:07]} 32. Rg2 {[%clk 0:07:28]}  Rxh3+ {[%clk 0:41:25]} 33. Kg1 {[%clk 0:07:52]}  Rxg2+ {[%clk 0:41:38]} 34. Kxg2 {[%clk 0:08:17]}  Rh5 {[%clk 0:41:51]} 1/2-1/2

[Event "Masters Tournament (MTO)"]
[Site "Biel, CH"]
[Date "2025.07.24"]
[Round "10"]
[White "Bok, Benjamin"]
[Black "Karthikeyan, Murali"]
[Result "0-1"]
[Board "1"]
[WhiteFideId "1017063"]
[BlackFideId "5074452"]
[WhiteTitle "GM"]
[BlackTitle "GM"]
[WhiteElo "2593"]
[BlackElo "2650"]
[WhiteTeam "NED"]
[BlackTeam "IND"]
[WhiteClock "0:00:53"]
[BlackClock "0:05:26"]
[Variant "Standard"]

1. Nf3 {[%clk 1:40:00]}  Nf6 {[%clk 1:40:46]} 2. c4 {[%clk 1:40:20]}  e6 {[%clk 1:41:05]} 3. g3 {[%clk 1:40:41]}  d5 {[%clk 1:41:05]} 4. Bg2 {[%clk 1:41:05]}  d4 {[%clk 1:41:21]} 5. O-O {[%clk 1:41:24]}  c5 {[%clk 1:41:46]} 6. e3 {[%clk 1:41:37]}  Nc6 {[%clk 1:42:07]} 7. d3 {[%clk 1:41:58]}  h6 {[%clk 1:42:14]} 8. exd4 {[%clk 1:37:21]}  cxd4 {[%clk 1:42:03]} 9. Re1 {[%clk 1:35:15]}  Bd6 {[%clk 1:40:50]} 10. Na3 {[%clk 1:30:44]}  O-O {[%clk 1:32:57]} 11. Nc2 {[%clk 1:29:57]}  a5 {[%clk 1:30:54]} 12. Na3 {[%clk 1:04:02]}  Re8 {[%clk 1:34:12]} 13. Nb5 {[%clk 1:03:06]}  e5 {[%clk 1:22:32]} 14. Nxd6 {[%clk 0:40:33]}  Qxd6 {[%clk 1:34:38]} 15. a3 {[%clk 0:39:17]}  Bf5 {[%clk 1:24:50]} 16. Rb1 {[%clk 0:12:39]}  e4 {[%clk 0:59:25]} 17. Bf4 {[%clk 0:32:52]}  Qd7 {[%clk 0:58:14]} 18. dxe4 {[%clk 0:31:08]}  Nxe4 {[%clk 0:45:29]} 19. Rc1 {[%clk 0:04:23]}  Nc5 {[%clk 0:36:43]} 20. Rxe8+ {[%clk 0:05:25]}  Rxe8 {[%clk 0:34:19]} 21. b4 {[%clk 0:05:40]}  axb4 {[%clk 0:34:35]} 22. axb4 {[%clk 0:06:09]}  Nd3 {[%clk 0:33:44]} 23. b5 {[%clk 0:00:01]}  Na5 {[%clk 0:31:35]} 24. Qa4 {[%clk 0:01:25]}  Nxc1 {[%clk 0:29:57]} 25. Bxc1 {[%clk 0:01:53]}  b6 {[%clk 0:29:21]} 26. Bd2 {[%clk 0:00:41]}  Nb7 {[%clk 0:26:17]} 27. Qa6 {[%clk 0:00:39]}  Nd6 {[%clk 0:25:01]} 28. Nxd4 {[%clk 0:00:32]}  Nxc4 {[%clk 0:24:31]} 29. Bc3 {[%clk 0:00:43]}  Bh3 {[%clk 0:15:52]} 30. Bxh3 {[%clk 0:00:33]}  Qxh3 {[%clk 0:16:17]} 31. Qb7 {[%clk 0:00:51]}  Qc8 {[%clk 0:15:45]} 32. Qd5 {[%clk 0:00:38]}  Ne3 {[%clk 0:13:04]} 33. Qc6 {[%clk 0:00:32]}  Nd5 {[%clk 0:10:45]} 34. Qxd5 {[%clk 0:00:33]}  Qxc3 {[%clk 0:11:51]} 35. Kg2 {[%clk 0:00:34]}  Qc5 {[%clk 0:10:10]} 36. Qd7 {[%clk 0:00:32]}  Qe7 {[%clk 0:09:02]} 37. Qc6 {[%clk 0:00:35]}  Qe4+ {[%clk 0:08:42]} 38. f3 {[%clk 0:00:35]}  Qxc6 {[%clk 0:08:34]} 39. bxc6 {[%clk 0:01:03]}  Re5 {[%clk 0:06:04]} 40. f4 {[%clk 0:00:38]}  Rc5 {[%clk 0:06:19]} 41. Kf3 {[%clk 0:00:46]}  Kf8 {[%clk 0:05:33]} 42. Ke4 {[%clk 0:00:53]}  Ke7 {[%clk 0:05:26]} 0-1